[Event "Subic Open"]
[Site "Subic PHI"]
[Date "2009.05.29"]
[Round "7"]
[White "Portogalera,R"]
[Black "Nadig,K"]
[Result "1-0"]
[WhiteElo "2240"]
[BlackElo "2361"]

1.d4 Nf6 2.c4 g6 3.Nc3 d5 4.cxd5 Nxd5 5.e4 Nxc3 6.bxc3 Bg7 7.Nf3 c5 8.Rb1 O-O
9.Be2 b6 10.O-O cxd4 11.cxd4 Bb7 12.d5 Nd7 13.Re1 Nf6 14.Bb5 a6 15.Bf1 Re8
16.Bg5 Qc7 17.Qb3 Nd7 18.Be3 b5 19.a4 e6 20.axb5 a5 21.dxe6 Rxe6 22.Bc4 a4
23.Qa2 Re7 24.b6 Qb8 25.Bg5 Rxe4 26.Bxf7+ Kh8 27.Be3 Ne5 28.Nxe5 Qxe5 29.h3 Rf8
30.Rbd1 Qf6 31.Bd5 Bxd5 32.Qxd5 Rxe3 33.fxe3 Qxb6 34.Kh1 a3 35.Rf1 Re8 36.Rf7 Qb2
37.Ra7 h6 38.e4 Kh7 39.Rf1 Rg8 40.e5 Qb8 41.Rff7 a2 42.Rxa2 Rd8 43.Qe4 Qb3
44.Raa7 Rg8 45.Rf1 Qg3 46.Qf4 Qb3 47.Qg4 Qb6 48.Rd7 Kh8 49.Re1 Qf2 50.Qe2 Qg3
51.Rd3 Qf4 52.Qe4 Qf2 53.Rf3 Qd2 54.e6 Re8 55.e7 Kh7 56.Ref1 Qd6 57.Rf7 Kg8
58.Qc4 Kh8 59.Rxg7  1-0

[Event "XXXI Nezhmetdinov Mem"]
[Site "Kazan RUS"]
[Date "2009.05.31"]
[Round "1"]
[White "Sanzhaev,D"]
[Black "Yandemirov,V"]
[Result "0-1"]
[WhiteElo "2120"]
[BlackElo "2499"]

1.d4 Nf6 2.c4 g6 3.Nc3 d5 4.cxd5 Nxd5 5.e4 Nxc3 6.bxc3 Bg7 7.Nf3 c5 8.Bb5+ Nd7
9.O-O O-O 10.a4 Nf6 11.Bd3 Bg4 12.Be3 Qa5 13.Rc1 c4 14.Bb1 Rfd8 15.h3 Bxf3
16.Qxf3 Qxa4 17.Bg5 Qc6 18.Qe2 b5 19.f4 b4 20.e5 Nd5 21.cxb4 Rac8 22.f5 Qb6
23.Qf2 f6 24.exf6 exf6 25.Bd2 c3 26.Ba2 Qxb4 27.Qe3 Kh8 28.Bxd5 cxd2 29.Rxc8 Rxc8
30.fxg6 Rd8 31.Bf3 Qxd4 32.Qxd4 Rxd4 33.gxh7 a5 34.Kf2 Rc4 35.Ke2 Rc1 36.Rd1 Bh6
37.Bd5 a4 38.h4 a3 39.Bg8 Kg7 40.g4 Bf4 41.g5 fxg5 42.hxg5 Bxg5 43.Rxd2 Bxd2
44.Kxd2 Rb1 45.Kc2 Rb2+ 46.Kc1 Kh8  0-1

[Event "3rd ENCI Limburg Open"]
[Site "Maastricht NED"]
[Date "2009.06.01"]
[Round "7"]
[White "Breuker,D"]
[Black "Schut,L"]
[Result "1/2-1/2"]
[WhiteElo "2081"]
[BlackElo "2196"]

1.d4 Nf6 2.c4 g6 3.Nc3 d5 4.cxd5 Nxd5 5.e4 Nxc3 6.bxc3 Bg7 7.Bc4 c5 8.Be3 O-O
9.Ne2 Nc6 10.O-O Bg4 11.f3 cxd4 12.cxd4 Na5 13.Bd3 Be6 14.d5 Bxa1 15.Qxa1 f6
16.Bh6 Re8 17.Kh1 Rc8 18.Nf4 Bd7 19.e5 Nc4 20.e6 Ba4 21.Nxg6 hxg6 22.Bxg6 Ne5
23.Be4 Bc2 24.Bxc2 Rxc2 25.Qd1 Qc8 26.f4 Kh7 27.fxe5 Kxh6 28.exf6 Rg8 29.f7 Rgxg2
30.f8=Q+ Qxf8 31.Rxf8 Rxh2+ 32.Kg1 Rcg2+ 33.Kf1 Rh1+ 34.Kxg2 Rxd1 35.Rf7 Rxd5
36.Rxe7  1/2-1/2

[Event "ch-CHN"]
[Site "Xinghua Jiangsu CHN"]
[Date "2009.06.01"]
[Round "6"]
[White "Zhou Jianchao"]
[Black "Li Chao2"]
[Result "1/2-1/2"]
[WhiteElo "2635"]
[BlackElo "2643"]

1.d4 Nf6 2.c4 g6 3.Nc3 d5 4.cxd5 Nxd5 5.e4 Nxc3 6.bxc3 Bg7 7.Bc4 c5 8.Ne2 Nc6
9.Be3 O-O 10.O-O Bg4 11.f3 Na5 12.Bd3 cxd4 13.cxd4 Be6 14.d5 Bxa1 15.Qxa1 f6
16.Qd4 Bd7 17.e5 e6 18.Nf4 fxe5 19.Qxe5 Qf6 20.Qc7 Qd8 21.Qd6 Bc8 22.Qe5 Qf6
23.Qc7 Qd8 24.Qe5 Qf6 25.Qc7 Qd8 26.Qc2 Qf6 27.Qc7  1/2-1/2

[Event "59th ch-RUS w HL"]
[Site "Voronezh RUS"]
[Date "2009.06.05"]
[Round "5"]
[White "Savina,A"]
[Black "Kharashuta,E"]
[Result "1-0"]
[WhiteElo "2258"]
[BlackElo "2274"]

1.d4 Nf6 2.c4 g6 3.Nc3 d5 4.cxd5 Nxd5 5.e4 Nxc3 6.bxc3 Bg7 7.Nf3 c5 8.Rb1 b6
9.Bb5+ Bd7 10.Be2 Bc6 11.d5 Bxc3+ 12.Bd2 Bxd2+ 13.Qxd2 Ba4 14.e5 a6 15.h4 e6
16.Qf4 b5 17.Ng5 Qe7 18.d6 Qf8 19.Bf3 Ra7 20.Qe3 Nd7 21.Bc6 Kd8 22.Rc1 h6
23.Bxd7 Kxd7 24.Ne4 Qa8 25.Nf6+ Kd8 26.Qxc5 a5 27.Qb6+  1-0

[Event "National Open"]
[Site "Las Vegas USA"]
[Date "2009.06.06"]
[Round "3"]
[White "Izoria,Z"]
[Black "Antal,Ge"]
[Result "1-0"]
[WhiteElo "2619"]
[BlackElo "2490"]

1.d4 Nf6 2.c4 g6 3.Nc3 d5 4.cxd5 Nxd5 5.e4 Nxc3 6.bxc3 Bg7 7.Nf3 c5 8.Be3 O-O
9.Be2 cxd4 10.cxd4 Qa5+ 11.Bd2 Qa3 12.O-O b6 13.Bc1 Qd6 14.a4 Bb7 15.Ba3 Qd7
16.Bb5 Bc6 17.Ne5 Bxe5 18.dxe5 Bxb5 19.axb5 Qxb5 20.Bxe7 Re8 21.Bd6 Nc6 22.f4 Na5
23.Rb1 Qc6 24.Qd4 Nc4 25.Rbc1 b5 26.f5 Qb6 27.Bc5 Qd8 28.Bd6 Qg5 29.fxg6 hxg6
30.Rc3 Re6 31.Qf2 Nxd6 32.exd6 Rf8 33.Rc8 Rxc8 34.Qxf7+ Kh8 35.Qxe6 Qe3+
36.Kh1 Rc1 37.Qf6+ Kh7 38.Qf7+ Kh8 39.Qf8+ Kh7 40.Qf7+ Kh6 41.h3 Rxf1+ 42.Qxf1 Qd4
43.Qf8+ Kh5 44.Qe7 Qc3 45.Kh2 Qd2 46.Qf6 Kh6 47.h4 Kh7 48.Qf7+ Kh6 49.d7 Qd6+
50.g3 Qd2+ 51.Kh3  1-0

[Event "1st SCS GM Open"]
[Site "Bhubaneswar IND"]
[Date "2009.06.11"]
[Round "6"]
[White "Swapnil,SD"]
[Black "Konguvel,P"]
[Result "1/2-1/2"]
[WhiteElo "2340"]
[BlackElo "2428"]

1.d4 Nf6 2.c4 g6 3.Nc3 d5 4.cxd5 Nxd5 5.e4 Nxc3 6.bxc3 Bg7 7.Bc4 c5 8.Ne2 Nc6
9.Be3 O-O 10.O-O Qc7 11.Bf4 e5 12.Bg3 Qe7 13.d5 Na5 14.d6 Qd8 15.Bd5 Kh8
16.f4 Qxd6 17.fxe5 Bxe5 18.Bxf7 Bxg3 19.Nxg3 Qxd1 20.Raxd1 Kg7 21.Bd5 Bg4
22.Rb1 Rxf1+ 23.Nxf1 Re8 24.Nd2 b6 25.Nb3 Nxb3 26.axb3 Re7 27.Kf2 Be6 28.Rd1 Kf6
29.Ke3 Bxd5 30.Rxd5 Ke6 31.Rd8 Rd7 32.Re8+ Re7 33.Rd8 Rd7 34.Re8+ Re7 35.Ra8 Rc7  1/2-1/2

[Event "Open"]
[Site "Varna BUL"]
[Date "2009.06.12"]
[Round "1"]
[White "Aleksandrov,G"]
[Black "Schneider,Ve"]
[Result "0-1"]
[WhiteElo "2245"]
[BlackElo "2320"]

1.d4 Nf6 2.c4 g6 3.Nc3 d5 4.cxd5 Nxd5 5.e4 Nxc3 6.bxc3 Bg7 7.Nf3 c5 8.Bb5+ Nd7
9.O-O O-O 10.Bxd7 Bxd7 11.h3 Bc6 12.Re1 Qa5 13.Qb3 cxd4 14.cxd4 Bxd4 15.Bd2 Qb6
16.Nxd4 Qxd4 17.Be3 Qxe4 18.f3 Qf5 19.Qa3 e5 20.Bxa7 Rfe8 21.Qe3 Qc2 22.Re2 Qa4
23.Bb6 Qb5 24.Rd2 Ra4 25.a3 Rc4 26.Rad1 Re6 27.Rd6 Rxd6 28.Rxd6 Bd7 29.Qd3 e4
30.fxe4 Rc1+ 31.Kh2 Qe5+ 32.Qg3 Rh1+ 33.Kxh1 Qxg3 34.Rxd7 Qe1+ 35.Kh2 Qxe4
36.Bd4 f6 37.Bb6 Qc6 38.Rd8+ Kg7 39.Ba5 b6 40.Bb4 Qc7+ 41.Rd6 Kf7 42.Kg3 g5
43.Kf2 Kg6 44.g4 b5 45.Ke3 Qe7+ 46.Kf3 Qb7+ 47.Kg3 Qe4 48.Ra6 Qe5+ 49.Kg2 h5
50.gxh5+ Kxh5 51.Bd6 Qb2+ 52.Kg1 b4  0-1

[Event "zt 2.5 w"]
[Site "Asuncion PAR"]
[Date "2009.06.13"]
[Round "5"]
[White "Quinones Mena,J"]
[Black "Lujan,C"]
[Result "1/2-1/2"]
[WhiteElo "2020"]
[BlackElo "2324"]

1.d4 Nf6 2.c4 g6 3.Nc3 d5 4.cxd5 Nxd5 5.e4 Nxc3 6.bxc3 Bg7 7.Bc4 c5 8.Ne2 O-O
9.O-O Nc6 10.Be3 Qc7 11.Qc1 Rd8 12.Rd1 Na5 13.Bb3 b6 14.Bd5 Bb7 15.Bxb7 Qxb7
16.dxc5 Nc4 17.Rxd8+ Rxd8 18.f3 Nxe3 19.Qxe3 bxc5 20.Qxc5 Rd2 21.Re1 Qb2
22.Qc8+ Bf8 23.Qc4 e5 24.Kf1 Qb6 25.Qb3 Qe3 26.c4 Rd3 27.Qb8 Qc5 28.Qb5 Qa3
29.Qxe5 Qxa2 30.Qb5 Rd2 31.e5 Rb2 32.Qc6 Rb6 33.Qc8 Qa4 34.Nd4 Kg7 35.e6 Qb4
36.exf7 Kxf7 37.Ne6 Be7 38.Nf4 Qc5  1/2-1/2

[Event "XXVII Open A"]
[Site "Balatonlelle HUN"]
[Date "2009.06.14"]
[Round "2"]
[White "Berczes,D"]
[Black "Rezsek,G"]
[Result "1-0"]
[WhiteElo "2513"]
[BlackElo "2102"]

1.d4 Nf6 2.c4 g6 3.Nc3 d5 4.cxd5 Nxd5 5.e4 Nxc3 6.bxc3 Bg7 7.Bc4 c5 8.Ne2 Nc6
9.Be3 O-O 10.O-O Qc7 11.Rc1 Rd8 12.Bf4 Qd7 13.dxc5 Qe8 14.Bd5 Bd7 15.Qc2 Rdc8
16.Rb1 e6 17.Bxc6 Bxc6 18.Bd6 e5 19.c4 Qe6 20.Qd3 Rd8 21.Nc3 Bf8 22.Rbd1 a6
23.h3 f6 24.Nd5 Bxd6 25.cxd6 Qxd6 26.c5 Qf8 27.Qb3 Kg7 28.Nc7 Rxd1 29.Rxd1 Re8
30.Nxe8+ Qxe8 31.Qc4 Ba4 32.Rd6 Bc6 33.f3 h5 34.h4 Qe7 35.Kf2 f5 36.exf5 gxf5
37.Kg1 e4 38.Qd4+ Kh7 39.fxe4 Qxh4 40.exf5 Qe1+ 41.Kh2 Qf1 42.Rg6  1-0

[Event "XLIV Capablanca Memorial Elite"]
[Site "Havana CUB"]
[Date "2009.06.14"]
[Round "7"]
[White "Khenkin,I"]
[Black "Dominguez Perez,L"]
[Result "1/2-1/2"]
[WhiteElo "2630"]
[BlackElo "2721"]

1.d4 Nf6 2.c4 g6 3.Nc3 d5 4.cxd5 Nxd5 5.e4 Nxc3 6.bxc3 Bg7 7.Nf3 c5 8.Be3 Qa5
9.Qd2 Nc6 10.Rb1 a6 11.Rc1 Bg4 12.d5 Rd8 13.Bd3 O-O 14.O-O f5 15.Ng5 fxe4
16.Nxe4 Ne5 17.f3  1/2-1/2

[Event "Open"]
[Site "Varna BUL"]
[Date "2009.06.14"]
[Round "3"]
[White "Komarov,Di"]
[Black "Schneider,Ve"]
[Result "1-0"]
[WhiteElo "2530"]
[BlackElo "2320"]

1.d4 Nf6 2.c4 g6 3.Nc3 d5 4.cxd5 Nxd5 5.e4 Nxc3 6.bxc3 Bg7 7.Nf3 c5 8.Rb1 O-O
9.Be2 b6 10.O-O Bb7 11.Qd3 Ba6 12.Qe3 Qd7 13.Bxa6 Nxa6 14.Qe2 Nc7 15.Rd1 Rfd8
16.Bg5 Ne6 17.Be3 cxd4 18.cxd4 Rac8 19.Rd2 Qa4 20.Rbd1 Rc4 21.h4 Rdc8 22.e5 Nc7
23.d5 e6 24.d6 Nd5 25.Rxd5 exd5 26.Rxd5 Rc2 27.d7 Rd8 28.Qd1 h6 29.Nd4 Rxa2
30.Qxa4 Rxa4 31.Nc6 Rxd7 32.Rxd7 Rc4 33.Nxa7 Bxe5 34.g3  1-0

[Event "13th Open"]
[Site "Voronezh RUS"]
[Date "2009.06.14"]
[Round "3"]
[White "Sharafiev,A"]
[Black "Zakharchenko,A"]
[Result "1/2-1/2"]
[WhiteElo "2432"]
[BlackElo "2315"]

1.d4 Nf6 2.c4 g6 3.Nc3 d5 4.cxd5 Nxd5 5.e4 Nxc3 6.bxc3 Bg7 7.Nf3 c5 8.Be3 Nc6
9.d5 Bxc3+ 10.Bd2 Bxd2+ 11.Qxd2 Nb8 12.h4 h5 13.Qc3 O-O 14.Qxc5 Nd7 15.Qb4  1/2-1/2

[Event "zt 2.4"]
[Site "Rio de Janeiro BRA"]
[Date "2009.06.15"]
[Round "8"]
[White "Mecking,H"]
[Black "Lima,Da"]
[Result "1/2-1/2"]
[WhiteElo "2556"]
[BlackElo "2499"]

1.d4 Nf6 2.c4 g6 3.Nc3 d5 4.cxd5 Nxd5 5.e4 Nxc3 6.bxc3 Bg7 7.Bc4 c5 8.Ne2 Nc6
9.Be3 O-O 10.O-O Bd7 11.Rb1 a6 12.dxc5 Qc8 13.f4 Na5 14.Bd3 e5 15.fxe5 Bg4
16.Qa4 Nc6 17.Nf4 Nxe5 18.Nd5 Qd8 19.Qc2 Be6 20.Be2 Bxd5 21.exd5 Qxd5 22.Rfd1 Qe6
23.Rd6 Qe7 24.Qe4 b5 25.Bf2 Rfe8 26.a4 bxa4 27.Rb7 Qg5 28.Be3 Nf3+ 29.Bxf3 Qxe3+
30.Qxe3 Rxe3 31.Bd5 Rxc3 32.c6 Rc8 33.Rxf7 Re8 34.Re7+ Kf8 35.Rf7+ Kg8 36.g3 Rc5
37.Re7+ Kf8 38.Rf7+ Kg8 39.c7 Rxd5 40.Rxd5 Kxf7 41.Rd7+ Kf6 42.Rd8 Re1+ 43.Kg2 Rc1
44.c8=Q Rxc8 45.Rxc8 a3 46.Rc6+ Kf5 47.Rxa6 Bb2 48.Kf3 h5 49.Ra5+ Kf6 50.Ke4 Ke6
51.Ra6+ Kf7 52.Kd5 Ke7 53.h3 Kf7 54.Ke4 Kg7 55.Kf4 Kf7 56.Ke4 Ke7 57.g4 hxg4
58.hxg4 Kf7 59.Kf4 Kg7 60.Ra7+ Kf6 61.g5+ Ke6 62.Ra6+  1/2-1/2

[Event "Open"]
[Site "Teplice CZE"]
[Date "2009.06.15"]
[Round "3"]
[White "Hozda,D"]
[Black "Michielsen,J"]
[Result "0-1"]
[WhiteElo "2037"]
[BlackElo "2352"]

1.d4 Nf6 2.c4 g6 3.Nc3 d5 4.cxd5 Nxd5 5.e4 Nxc3 6.bxc3 Bg7 7.Bc4 c5 8.Ne2 O-O
9.O-O Nc6 10.Be3 Bd7 11.Rb1 Rc8 12.dxc5 Qc7 13.f4 Na5 14.Bd3 Rfd8 15.Nd4 Qxc5
16.Nf5 Qa3 17.Bc1 Qxc3 18.Nxe7+ Kh8 19.Nxc8 Bxc8 20.Bd2 Qxd3 21.Bxa5 Qe3+
22.Kh1 Rxd1 23.Rfxd1 Bf6 24.e5 Be7 25.Bd8 Qa3 26.Rb3 Qc5 27.Rc3 Qxc3 28.Bxe7 Bd7
29.h4 Be8 30.h5 Qc2 31.Rf1 Bc6 32.Rg1 Qf5 33.Kh2 Qxh5+  0-1

[Event "Oceania Zonal"]
[Site "Gold Coast AUS"]
[Date "2009.06.22"]
[Round "6"]
[White "West,G"]
[Black "Zhao Zong Yuan"]
[Result "1/2-1/2"]
[WhiteElo "2343"]
[BlackElo "2583"]

1.d4 Nf6 2.c4 g6 3.Nc3 d5 4.cxd5 Nxd5 5.e4 Nxc3 6.bxc3 Bg7 7.Bc4 c5 8.Ne2 O-O
9.Be3 Nc6 10.Rc1 cxd4 11.cxd4 Qa5+ 12.Kf1 Qa3 13.Rc3 Qd6 14.h4 Rd8 15.h5 Be6
16.hxg6 hxg6 17.d5 Bxc3 18.Nxc3 f6 19.Bb3 Na5 20.Bd4 Nxb3 21.axb3 Kg7 22.Qd2 Rh8
23.Rxh8 Rxh8 24.dxe6 Qxe6 25.f3 Qxb3 26.e5 Qc4+ 27.Kf2 Rd8 28.exf6+ Kf7 29.Ne2 exf6
30.Qf4 Qe6 31.Qh4  1/2-1/2

[Event "Oceania Zonal"]
[Site "Gold Coast AUS"]
[Date "2009.06.22"]
[Round "6"]
[White "Cheng,Bo"]
[Black "Feldman,V"]
[Result "1/2-1/2"]
[WhiteElo "2103"]
[BlackElo "2298"]

1.d4 Nf6 2.c4 g6 3.Nc3 d5 4.cxd5 Nxd5 5.e4 Nxc3 6.bxc3 Bg7 7.Bc4 c5 8.Ne2 O-O
9.O-O Nc6 10.Be3 Qc7 11.Rc1 Rd8 12.Qd2 Qa5 13.Rfd1 b6 14.Bh6 cxd4 15.Bxg7 Kxg7
16.cxd4 Qxd2 17.Rxd2 Bd7 18.d5 Na5 19.Ba6 Bc8 20.Bxc8 Raxc8 21.Rdc2 Rxc2
22.Rxc2 e6 23.Rc7 exd5 24.e5 d4 25.e6 d3 26.Nc3 d2 27.Rxf7+ Kg8 28.Rd7 Rxd7
29.exd7 Nc6 30.Kf1 Kf7 31.Ke2 Ke7 32.Nd5+ Ke6 33.Nf4+ Kxd7 34.Kxd2 Kd6 35.h4 Nb4
36.a3 Nd5 37.Nh3 h6 38.Kd3 b5 39.Kd4 a5 40.g3 a4 41.Kd3 Kc5 42.g4 b4 43.axb4+ Nxb4+
44.Kc3 Nd5+ 45.Kb2 Kd4 46.h5 gxh5 47.gxh5 Ke4 48.Ng1 Nf4 49.Ka3 Nxh5 50.Kxa4 Nf4
51.Kb3 Kd3 52.Kb4 h5 53.Kc5 h4 54.Kd6 Ke4 55.Ke7 Nd3 56.Kf6 Kf4 57.Ne2+ Kg4
58.f3+ Kxf3 59.Kg5 h3 60.Ng1+  1/2-1/2

[Event "Open"]
[Site "Albena BUL"]
[Date "2009.06.23"]
[Round "4"]
[White "Komarov,Di"]
[Black "Spiridonov,Niko1"]
[Result "1/2-1/2"]
[WhiteElo "2530"]
[BlackElo "2359"]

1.d4 Nf6 2.c4 g6 3.Nc3 d5 4.cxd5 Nxd5 5.e4 Nxc3 6.bxc3 Bg7 7.Bg5 c5 8.Rc1 Qa5
9.Qd2 O-O 10.Nf3 cxd4 11.cxd4 Qxd2+ 12.Kxd2 e6 13.Rc7 Nc6 14.Bb5 h6 15.Bxc6 hxg5
16.Bxb7 Bxb7 17.Rxb7 Rfd8 18.Nxg5 Rxd4+ 19.Ke3 Ra4 20.Rd1 Bh6 21.f4 Bxg5
22.fxg5 Rxa2 23.Rdd7 Rxg2 24.Rxf7 Rxg5 25.Rg7+ Kh8 26.Rh7+ Kg8 27.Rbg7+ Kf8
28.Rf7+ Kg8 29.Rhg7+ Kh8 30.Rxa7 Rxa7 31.Rxa7 e5 32.Kf3 Rh5 33.Kg3 Rg5+ 34.Kf3 Rh5  1/2-1/2

[Event "Petr Izmailov Mem"]
[Site "Tomsk RUS"]
[Date "2009.06.24"]
[Round "1"]
[White "Volkov,Mi"]
[Black "Itkin,D"]
[Result "0-1"]
[WhiteElo "1882"]
[BlackElo "2240"]

1.d4 Nf6 2.c4 g6 3.Nc3 d5 4.cxd5 Nxd5 5.e4 Nxc3 6.bxc3 Bg7 7.Bc4 c5 8.Ne2 O-O
9.O-O Nc6 10.Be3 Bg4 11.f3 Na5 12.Bb3 cxd4 13.cxd4 Bd7 14.Rb1 e6 15.Qd2 Nxb3
16.axb3 Bb5 17.Rfd1 Qd7 18.Nc3 Rfd8 19.Nxb5 Qxb5 20.Qd3 Qxd3 21.Rxd3 Rd7
22.Rbd1 Bf6 23.f4 Be7 24.Kf2 f5 25.Kf3 a5 26.d5 fxe4+ 27.Kxe4 Ra6 28.dxe6 Rxe6+
29.Kf3 Rc7 30.h3 b5 31.g4 a4 32.bxa4 bxa4 33.Bd4 Rc4 34.Be5 a3 35.Ra1 Ra4
36.Ra2 Kf7 37.h4 Rc6 38.g5 Ke6 39.Rb3 Rc1 40.Rb5 Rac4 41.Rb6+ Kf5 42.Rb5 Rb4
43.Ra5 Rb3+ 44.Ke2 Kg4 45.Ra7 Rh1 46.f5 Bc5 47.Ra5 Re3+ 48.Kd2 Rxe5 49.Kd3 Kxf5
50.Rc2 Rh3+ 51.Kc4 Rxh4+ 52.Kb3 Rh3+ 53.Ka2 Kxg5 54.Rg2+ Kh6 55.Ra4 Rf5 56.Rc4 Rf2+
57.Rc2 Rxg2 58.Rxg2 g5 59.Rc2 Bb4 60.Rc6+ Kh5  0-1

[Event "VI Moncada Elite"]
[Site "Santiago de Cuba CUB"]
[Date "2009.06.25"]
[Round "11"]
[White "Real de Azua,E"]
[Black "Bacallao,Y"]
[Result "0-1"]
[WhiteElo "2445"]
[BlackElo "2438"]

1.d4 Nf6 2.c4 g6 3.Nc3 d5 4.cxd5 Nxd5 5.e4 Nxc3 6.bxc3 Bg7 7.Bc4 c5 8.Ne2 Nc6
9.Be3 cxd4 10.cxd4 Qa5+ 11.Bd2 Qd8 12.Bc3 Bg4 13.f3 Bd7 14.Qd2 O-O 15.h4 Rc8
16.h5 Ne5 17.dxe5 Rxc4 18.Rd1 Qc7 19.Qxd7 Rxc3 20.Nxc3 Qxc3+ 21.Kf1 Qxe5
22.hxg6 hxg6 23.Qxb7 Qc5 24.Qd5 Qb6 25.g3 Qa6+ 26.Kg1 e6 27.Qb3 Be5 28.f4 Bc7
29.Rh2 Bb6+ 30.Kh1 Qb7 31.Qf3 Rc8 32.Re2 Rc4 33.Kg2 Qc8 34.Qd3 Rc3 35.Qb5 Rc1
36.Qd7 Qc5 37.Qd6 Qh5 38.Qd3 Rc3 39.Qd2 Qg4 40.Kh1 Rxg3  0-1

[Event "5th Open"]
[Site "Sort ESP"]
[Date "2009.06.25"]
[Round "2"]
[White "Solsona Manonelles,J"]
[Black "Anuprita,P"]
[Result "0-1"]
[WhiteElo "1762"]
[BlackElo "2065"]

1.d4 Nf6 2.c4 g6 3.Nc3 d5 4.cxd5 Nxd5 5.e4 Nxc3 6.bxc3 Bg7 7.Nf3 c5 8.Be2 Nc6
9.Bb2 cxd4 10.cxd4 O-O 11.O-O Bg4 12.e5 Qa5 13.h3 Be6 14.Qd2 Qxd2 15.Nxd2 Rfd8
16.Nf3 Rac8 17.Rfd1 Nb4 18.a4 Bb3 19.Rf1 Nc2 20.Ba3 Nxa1 21.Rxa1 e6 22.Bd6 Bf8
23.Bxf8 Kxf8 24.Rb1 Bxa4 25.Rxb7 Rd7 26.Rb4 Rc1+ 27.Kh2 Bc6 28.Nd2 Rc2 29.Bf3 Rxd2
30.Bxc6 R7xd4 31.Rb8+ Rd8 32.Rb7 a5 33.Ra7 Rc2 34.Be4 Re2 35.f3 Rdd2 36.Rxa5 Rxg2+
37.Kh1 Rh2+ 38.Kg1 Rxh3 39.Ra1 Rhh2 40.Re1 Rhg2+ 41.Kh1 Rde2 42.Rxe2 Rxe2
43.Kg1 Kg7 44.Kf1 Rxe4  0-1

[Event "Open"]
[Site "Albena BUL"]
[Date "2009.06.28"]
[Round "9"]
[White "Dereshki,D"]
[Black "Dragomir,Con"]
[Result "1/2-1/2"]
[WhiteElo "1827"]
[BlackElo "2089"]

1.d4 Nf6 2.c4 g6 3.Nc3 d5 4.cxd5 Nxd5 5.e4 Nxc3 6.bxc3 Bg7 7.Be3 c5 8.Qd2 Qa5
9.Rc1 O-O 10.Nf3 Nc6 11.Bh6 cxd4 12.Bxg7 Kxg7 13.cxd4 Qxd2+ 14.Kxd2 Rd8 15.Ke3 e6
16.Bb5 Bd7 17.Bxc6 Bxc6 18.Ne5 Be8 19.Rc7 b5 20.Rhc1 a5 21.Nc6 Rd6 22.Ne5 Rda6
23.Rb7 R6a7 24.Rxa7 Rxa7 25.Rc8 Re7 26.Nc6 Bxc6 27.Rxc6 Rb7 28.Kd3 Kf8 29.Kc3 b4+
30.Kb3 Rd7 31.Rc4 f5 32.f3 fxe4 33.fxe4 Rf7 34.Rc6 Rd7 35.Kc4 Ke7 36.Rc5 Ra7
37.Kb5 Rb7+ 38.Kxa5 b3 39.axb3 Rxb3 40.Rc7+ Kd6 41.Rxh7 Rb2 42.g4 Rd2 43.Rh6 Rxd4
44.Rxg6 Rxe4 45.h4 Ke7 46.Kb5 Kf7 47.h5 Rd4 48.Kc5 Rd5+ 49.Kc4 Rd1 50.g5 Rd5
51.Kc3 Ra5 52.Kd4 Ra4+ 53.Ke3 Ra3+ 54.Kd4 Ra4+ 55.Ke3 Ra3+ 56.Kd4 Ra4+ 57.Ke5 Ra5+
58.Kd4 Ra4+ 59.Kc5 Ra5+ 60.Kb6 Rd5 61.Kc6 Ra5 62.Rf6+ Ke7 63.Rg6  1/2-1/2

[Event "1st Big Slick GM"]
[Site "London ENG"]
[Date "2009.06.28"]
[Round "2"]
[White "Eames,R"]
[Black "Poobalasingam,P"]
[Result "1/2-1/2"]
[WhiteElo "2312"]
[BlackElo "2240"]

1.d4 Nf6 2.c4 g6 3.Nc3 d5 4.cxd5 Nxd5 5.e4 Nxc3 6.bxc3 Bg7 7.Nf3 c5 8.Rb1 O-O
9.Be2 cxd4 10.cxd4 Qa5+ 11.Bd2 Qxa2 12.O-O Bg4 13.Bg5 h6 14.Be3 Nc6 15.d5 Na5
16.Bc5 Bf6 17.e5 Bxe5 18.Bxe7 Rfe8 19.d6 Bxd6 20.Ra1 Qe6 21.Bxd6 Rad8 22.Rxa5 Rxd6
23.Bd3 Red8 24.Ra3 Rd5 25.h3 Qd6 26.Qa4 Bxf3 27.Bc4 Bd1 28.Qxa7 Rd4 29.Ba2 Rf4
30.Re1 Qd4 31.Qxd4 Rdxd4 32.Re8+ Kg7 33.Raa8 Ra4 34.Rg8+ Kf6 35.Bd5 Rxa8
36.Rxa8 b5 37.Rb8 Be2 38.Rb7 Ke5 39.g3 Rf6 40.Bxf7 Kd4 41.f4 Kc3 42.Rc7+ Bc4
43.Be8 Kb3 44.Rg7 Bd3 45.Kf2 b4 46.Ke3 Bf5 47.Bf7+ Kc3 48.g4 Bc2 49.Bd5 b3
50.Rc7+ Kb2 51.Rh7 Rxf4 52.Kxf4 g5+ 53.Ke5 Bxh7 54.Kf6 Kc3 55.Bxb3 Kxb3 56.Kg7 Be4  1/2-1/2

[Event "Petr Izmailov Mem"]
[Site "Tomsk RUS"]
[Date "2009.06.28"]
[Round "5"]
[White "Kartashov,D"]
[Black "Nevostrujev,V"]
[Result "0-1"]
[WhiteElo "2243"]
[BlackElo "2508"]

1.d4 Nf6 2.c4 g6 3.Nc3 d5 4.cxd5 Nxd5 5.e4 Nxc3 6.bxc3 Bg7 7.Nf3 O-O 8.Be3 c5
9.Qd2 Qa5 10.Rc1 cxd4 11.cxd4 Qxd2+ 12.Nxd2 Rd8 13.Nb3 e6 14.Bg5 f6 15.Be3 Bf8
16.Bc4 Ba3 17.Rc2 Nc6 18.O-O a5 19.d5 Ne5 20.Bb6 Rd6 21.Bc7 Nxc4 22.Rxc4 exd5
23.Bxd6 dxc4 24.Bxa3 cxb3 25.axb3 Be6 26.b4 a4 27.Rc1 Rd8 28.Bb2 Rd3 29.Bxf6 Rb3
30.f3 Rxb4 31.Rc7 Rb6 32.Be7 h5 33.Kf2 Rb2+ 34.Kg3 b5 35.Bf6 a3 36.Re7 Bc4
37.Rg7+ Kf8 38.Ra7 b4 39.e5 Rb1 40.e6 Bxe6 41.Kf4 Rb2 42.h4 Rxg2 43.Be7+ Ke8
44.Bxb4 a2 45.Bc3 Bf5 46.Bf6 Re2 47.Kg3 Re6 48.Bg7 Bb1 49.f4 Kd8 50.Be5 Kc8
51.Rc7+  0-1

[Event "Open Duras BVK FIDE"]
[Site "Brno CZE"]
[Date "2009.06.29"]
[Round "4"]
[White "Kratochvil,K"]
[Black "Zabensky,J"]
[Result "1-0"]
[WhiteElo "2113"]
[BlackElo "1999"]

1.d4 Nf6 2.c4 g6 3.Nc3 d5 4.cxd5 Nxd5 5.e4 Nxc3 6.bxc3 Bg7 7.Bc4 c5 8.Ne2 Nc6
9.Be3 O-O 10.O-O Na5 11.Bd3 b6 12.dxc5 bxc5 13.Bxc5 Qc7 14.Bd4 e5 15.Be3 Be6
16.Qa4 Rfd8 17.Rfd1 Nc4 18.Bxc4 Bxc4 19.Rxd8+ Rxd8 20.Ng3 a6 21.Qb4 Rc8 22.Qb6 Qd7
23.Nf1 Qd3 24.Qb7 Be6 25.c4 Bf8 26.Qxa6 Qxe4 27.Nd2 Qc2 28.a4 Bb4 29.Nf3 Qe4
30.Qb5 Qxc4 31.Qxc4 Bxc4 32.a5 e4 33.Ng5 Rd8 34.Bb6 Bd3 35.Nh3 Bd2 36.Rd1 Bb4
37.Nf4 Rc8 38.g4 Bc5 39.Nxd3 exd3 40.Rxd3 Bxb6 41.axb6 Rc1+ 42.Kg2 Rb1 43.Rd8+ Kg7
44.Rb8 h5 45.gxh5 gxh5 46.Kg3 Rb4 47.f4 Kh7 48.Kh4 Rxf4+ 49.Kxh5 Rf5+ 50.Kg4 Rb5
51.Kf4 Kg7 52.Ke4 f5+ 53.Kd4 f4 54.Ke4 Rb4+ 55.Kf3 Kh7 56.h4 Kg7 57.h5 Kh7
58.Kg4 Kg7 59.Kg5 Rb5+ 60.Kxf4 Rxh5 61.Ke4 Rb5 62.Kd4 Rb4+ 63.Kc5 Rb1 64.Kc6 Rc1+
65.Kb7 Kf7 66.Rc8 Rb1 67.Kc7 Rc1+ 68.Kb8 Rb1 69.b7 Ke7 70.Rc2 Rc1 71.Rxc1 Kd7
72.Rc2  1-0

[Event "Open"]
[Site "Pula CRO"]
[Date "2009.06.30"]
[Round "5"]
[White "Doric,D"]
[Black "Smith,Ax"]
[Result "1/2-1/2"]
[WhiteElo "2468"]
[BlackElo "2383"]

1.d4 Nf6 2.c4 g6 3.Nc3 d5 4.cxd5 Nxd5 5.e4 Nxc3 6.bxc3 Bg7 7.Nf3 c5 8.Rb1 O-O
9.Be2 cxd4 10.cxd4 Qa5+ 11.Bd2 Qxa2 12.O-O Bg4 13.Rxb7 Bxf3 14.Bxf3 Bxd4
15.Bb4 Rd8 16.Qc1 Na6 17.Bxe7  1/2-1/2

[Event "ZMD Open"]
[Site "Dresden GER"]
[Date "2009.07.01"]
[Round "8"]
[White "Graf,A"]
[Black "Sanikidze,T"]
[Result "1/2-1/2"]
[WhiteElo "2583"]
[BlackElo "2559"]

1.d4 Nf6 2.c4 g6 3.Nc3 d5 4.cxd5 Nxd5 5.e4 Nxc3 6.bxc3 Bg7 7.Be3 c5 8.Qd2 Qa5
9.Rc1 cxd4 10.cxd4 Qxd2+ 11.Kxd2 O-O 12.Bd3 Nc6 13.Ne2 Rd8 14.Rc4 Bd7 15.Rb1 e6
16.h4 h6 17.Nc3 Bf8 18.e5 Na5 19.Rc7 Rac8 20.Rxc8 Rxc8 21.Ne4 Kg7 22.Ke2 b6
23.Nf6 Ba4 24.h5 g5 25.g3 Ba3 26.f4 Bc2 27.Rf1 Bxd3+ 28.Kxd3 Nc4 29.Bg1 Nb2+
30.Ke4 Nc4 31.Rf2 Bc1 32.Re2 b5 33.Bf2 Nd2+ 34.Kd3 b4 35.Ne4 Nxe4 36.Kxe4 a5
37.Be1 f5+ 38.exf6+ Kxf6 39.Bf2 a4 40.d5 exd5+ 41.Kxd5 gxf4 42.gxf4 Kf5 43.Bd4 Kxf4
44.Bc5 b3 45.Re4+ Kg5 46.Rxa4 b2 47.Rb4 Ra8 48.a3 Ra5 49.Kc6 Rxa3 50.Be7+ Kxh5
51.Rb5+ Kg6 52.Bxa3 b1=Q  1/2-1/2

[Event "1st Big Slick GM"]
[Site "London ENG"]
[Date "2009.07.01"]
[Round "5"]
[White "Rudd,J"]
[Black "Gormally,D"]
[Result "1/2-1/2"]
[WhiteElo "2357"]
[BlackElo "2487"]

1.d4 Nf6 2.c4 g6 3.Nc3 d5 4.cxd5 Nxd5 5.e4 Nxc3 6.bxc3 Bg7 7.Bc4 c5 8.Ne2 Nc6
9.Be3 cxd4 10.cxd4 Qa5+ 11.Qd2 O-O  1/2-1/2

[Event "Open"]
[Site "Pula CRO"]
[Date "2009.07.01"]
[Round "6"]
[White "Ascic,A"]
[Black "Schulze,U"]
[Result "1/2-1/2"]
[WhiteElo "2156"]
[BlackElo "2315"]

1.d4 Nf6 2.c4 g6 3.Nc3 d5 4.cxd5 Nxd5 5.e4 Nxc3 6.bxc3 Bg7 7.Be3 c5 8.Qd2 Qa5
9.Rc1 cxd4 10.cxd4 Qxd2+ 11.Kxd2 O-O 12.d5 e6 13.Bc4 exd5 14.Bxd5 Nc6 15.Nf3 Bd7
16.Rhd1 Rfd8 17.Bg5 Re8 18.Ke1 Be6 19.Kf1 Rac8 20.Be3  1/2-1/2

[Event "ChessCube SA Open"]
[Site "Cape Town RSA"]
[Date "2009.07.05"]
[Round "4"]
[White "Phiri,R"]
[Black "Wang,Ph"]
[Result "0-1"]
[WhiteElo "2181"]
[BlackElo "2306"]

1.d4 Nf6 2.c4 g6 3.Nc3 d5 4.cxd5 Nxd5 5.e4 Nxc3 6.bxc3 Bg7 7.Bc4 c5 8.Ne2 O-O
9.O-O Nc6 10.Be3 Bd7 11.Rb1 cxd4 12.cxd4 Rc8 13.Bd3 Na5 14.d5 b6 15.Ba6 Ra8
16.Qd3 Bc8 17.Rfc1 Bxa6 18.Qxa6 Qd7 19.Qd3 Rac8 20.Bd4 Bxd4 21.Qxd4 Qd6 22.Rc3 e5
23.Qd3 Rxc3 24.Qxc3 Nb7 25.f3 f5 26.Rd1 fxe4 27.fxe4 Nc5 28.Qe3 Rf7 29.Nc3 a6
30.Rf1 b5 31.Rxf7 Kxf7 32.Nd1 Nd7 33.h3 a5 34.Qf2+ Ke7 35.Qh4+ Nf6 36.Nf2 h5
37.Qg5 Kf7 38.Nd3 Nxe4 39.Qxe5 Qxe5 40.Nxe5+ Kf6 41.Nc6 a4 42.a3 Nc3 43.d6 Ke6
44.Ne5 Kxd6 45.Nxg6 b4 46.Nh4 b3 47.Nf5+ Kc5  0-1

[Event "Ch-Paris Int"]
[Site "Coubertin FRA"]
[Date "2009.07.05"]
[Round "2"]
[White "Fayard,A"]
[Black "Guilleux,F"]
[Result "1-0"]
[WhiteElo "2279"]
[BlackElo "2381"]

1.d4 Nf6 2.c4 g6 3.Nc3 d5 4.cxd5 Nxd5 5.e4 Nxc3 6.bxc3 Bg7 7.Qa4+ Nd7 8.Nf3 O-O
9.Bg5 c5 10.Qa3 Qc7 11.Be2 e5 12.O-O Re8 13.Rfe1 a6 14.h4 h6 15.Be3 exd4
16.cxd4 Nf6 17.Qc1 Kh7 18.Bf4 Qe7 19.dxc5 Nxe4 20.Bd3 Bf5 21.g4 Qxc5 22.Bxe4 Qxc1
23.Raxc1 Bxe4 24.Nd2 Bc6 25.Nc4 Rxe1+ 26.Rxe1 Bd5 27.Nb6 Bc6 28.Nc4 Bd7 29.Nd6  1-0